000 00433nam a2200181Ia 4500
001 15223
005 20260306165012.0
008 260306t2000||||xx |||||||||||||| ||spa||
041 _aESP
082 _a530.141
_bK79
100 _aKraus, John D.
_eAUT
245 0 _aElectromagnetismo con aplicaciones
260 _c2000
300 _axix, 669 páginas :
_c23 cm.
650 _aGEN
654 _aCCN
942 _cLIB
_dJUS
_fJUS
_2ddc
_n
999 _c15223
_d15223